Государственная племенная книга крупного рогатого скота симментальской породы. Т. 23 (Запись № 13630200)

Подробности
000 -МАРКЕР
контрольное поле 01511nam2a2200265 4500
001 - ИДЕНТИФИКАТОР ЗАПИСИ
контрольное поле rc\2992889
005 - ИДЕНТИФИКАТОР ВЕРСИИ
контрольное поле 20260315071234.0
035 ## - ДРУГИЕ СИСТЕМНЫЕ НОМЕРА
Идентификатор записи (NLR Aleph) 007207620
100 ## - ДАННЫЕ ОБЩЕЙ ОБРАБОТКИ
Данные общей обработки 20100430d1964 u y0rusy50 ca
101 0# - ЯЗЫК РЕСУРСА
Язык текста, звукозаписи и т.д. русский
102 ## - СТРАНА ПУБЛИКАЦИИ ИЛИ ПРОИЗВОДСТВА
Страна публикации Российская Федерация
105 ## - ПОЛЕ КОДИРОВАННЫХ ДАННЫХ: ТЕКСТОВЫЕ МАТЕРИАЛЫ, МОНОГРАФИЧЕСКИЕ
Кодированные данные о монографическом текстовом документе a z |||||
200 0# - ЗАГЛАВИЕ И СВЕДЕНИЯ ОБ ОТВЕТСТВЕННОСТИ
Основное заглавие Т. 23
Первые сведения об ответственности [Сост. канд. с.-х наук В.Е. Недава, В.И. Бречко, зоотехник П.А. Славинский]
Последующие сведения об ответственности М-во сел. хозяйства УССР
210 ## - ПУБЛИКАЦИЯ, РАСПРОСТРАНЕНИЕ И ДР.
Место издания, распространения и т.д. Киев
Имя издателя, распространителя и т. д. Госсельхозиздат УССР
Дата издания, распространения и т.д. 1964
215 ## - ФИЗИЧЕСКАЯ ХАРАКТЕРИСТИКА
Специфическое обозначение материала и объем 238 с.
Другие сведения о физической характеристике ил.
Размеры 27 см
461 #0 - УРОВЕНЬ НАБОРА
Встроенное поле 001rc\2992866
-- 2001#$aГосударственная племенная книга крупного рогатого скота симментальской породы$fМ-во сельского хозяйства СССР. Гос. инспекция по плем. делу$vТ. 23
Системный номер (АБИС) связанной записи 7658856
Место публикации [Пенза]
Дата публикации 1949-1991
Первые сведения об ответственности М-во сельского хозяйства СССР. Гос. инспекция по плем. делу
Имя издателя, распространителя и т.д. изд-во и тип. Пенз. обл. изд.
Заглавие Государственная племенная книга крупного рогатого скота симментальской породы
Номер тома Т. 23
702 #1 - ИМЯ ЛИЦА - ВТОРИЧНАЯ ОТВЕТСТВЕННОСТЬ
Начальный элемент ввода Недава
Часть имени, кроме начального элемента ввода В.Е.
Код отношения Составитель
702 #1 - ИМЯ ЛИЦА - ВТОРИЧНАЯ ОТВЕТСТВЕННОСТЬ
Начальный элемент ввода Бречко
Часть имени, кроме начального элемента ввода В.И.
Код отношения Составитель
702 #1 - ИМЯ ЛИЦА - ВТОРИЧНАЯ ОТВЕТСТВЕННОСТЬ
Начальный элемент ввода Славинский
Часть имени, кроме начального элемента ввода П.А.
Код отношения Составитель
801 #0 - ИСТОЧНИК ЗАПИСИ
Страна Российская Федерация
Организация NLR
Правила каталогизации psbo
801 #1 - ИСТОЧНИК ЗАПИСИ
Страна Российская Федерация
Организация ELAR
Источник данных rusmarc
852 ## - МЕСТОНАХОЖДЕНИЕ И ШИФР ХРАНЕНИЯ
Идентификатор организации NLR
Наименование фонда или коллекции (Sub-Location Identifier) С
Шифр хранения (Call Number) 90 Г-7/40
942 ## - ДОПОЛНИТЕЛЬНЫЕ ЭЛЕМЕНТЫ ЗАПИСИ (АБИС)
Тип экземпляра АБИС Неопределено
980 ## - КОЛЛЕКЦИЯ
Название коллекции Национальная библиография

Нет доступных экземпляров.